Teoria gender. Come difendere i nostri figli (Record n. 359081)

Dettagli MARC
000 -LEADER
campo di controllo lung. fissa 00542nam a22001937a 4500
003 - Identificatore del numero di controllo
campo di controllo IT-MiCISF
005 - Data e orario dell'ultima transazione
campo di controllo 20201223143322.0
008 - Elementi di lunghezza fissa--Informazione generale
campo di controllo lung. fissa 201223b ||||| |||| 00| 0 eng d
040 ## - Fonte della catalogazione
Agenzia che fa la trascrizione IT-MiCISF
041 ## - Codice di lingua
Codice di lingua del testo/traccia sonora o titolo separato it
100 ## - Accesso principale -- nome di persona
Nome di persona SOS Ragazzi
9 (RLIN) 58679
245 ## - Formulazione del titolo
Titolo Teoria gender. Come difendere i nostri figli
260 ## - Pubblicazione, distribuzione, ecc. (stampa)
Luogo di pubblicazione, distribuzione, ecc. Roma
Nome dell'editore, distributore, ecc. SOS Ragazzi
Data di pubblicazione, distribuzione, ecc. 2019
300 ## - Descrizione fisica
Estensione pp. 87
500 ## - Nota generale
Nota generale differenza-sessuale, educazione-bambini, onosessualità, transessualità
650 ## - Accesso aggiunto di soggetto--termine topico
Termine topico o nome geografico come accesso sessualità
9 (RLIN) 56091
654 ## - Accesso aggiunto di soggetto--termini topici faccettati
Termine principale divulgazione
942 ## - Dati aggiuntivi (Koha)
Fonte della classificazione o dello schema di collocazione (segnatura) Dewey Decimal Classification
Tipo copia default (Koha) DOCUMENTI
Dati di copia
Ritirato (status) Perso (status) Fonte della classificazione o dello schema di collocazione (segnatura) Danneggiato (status) Non per il presito Biblioteca proprietaria Biblioteca in cui si trova Data d'acquisizione Totale prestiti Collocazione Data ultima operazione Prezzo in vigore dal Tipo copia default (Koha)
    Dewey Decimal Classification Buone Condizioni Not For Loan CISF - Milano CISF - Milano 23/12/2020   dd40 23/12/2020 23/12/2020 DOCUMENTI
CREDITS: SOCIETA' SAN PAOLO Via A.Severo, 58 - ROMA (RM) & PERIODICI SAN PAOLO SRL Via Giotto, 36 MILANO & CISF Via Giotto, 36 MILANO & EDIZIONI SAN PAOLO SRL,  Piazza Soncino, 5 CINISELLO BALSAMO (MI) -- ITALY